The Harry Potter Honeydukes Challenge Quiz Stats

 Plays Quiz Updated Aug 25, 2014

Support Sporcle.
Go Orange.
Score 0/19 Timer 04:00
5 Plays Today
% Correct
Chocolate Frogs
92.1%
Bertie Bott's Every Flavour Beans
92%
Fizzing Whizzbees
88.8%
Cauldron Cakes
87%
Liquorice Wands
84.8%
Sugar Quills
81.5%
Sherbet Lemon
76.2%
Acid Pops
75.8%
Drooble's Best Blowing Gum
74.3%
Cockroach Clusters
73.5%
% Correct
Treacle Fudge
69.1%
Jelly Slugs
68%
Pepper Imps
66.6%
Toothflossing Stringmints
64.5%
Peppermint Toads
61.7%
Exploding Bonbons
60.8%
Crystallised Pineapple
54.9%
Ice Mice
51.6%
Fudge Flies
46.7%

You're not logged in!

Compare scores with friends on all Sporcle quizzes.
OR
Log In

From the Vault

15 Category Foursome Grab Bag

by sproutcm

Four times the fun of your average Sporcle quiz.
Remove Ads.
Support Sporcle.
Get the best of Sporcle when you Go Orange. This ad-free experience offers more features, more stats, and more fun while also helping to support Sporcle. Thank you for becoming a member.

Show Comments

Extras

Top Quizzes Today


Score Distribution

Your Account Isn't Verified!

In order to create a playlist on Sporcle, you need to verify the email address you used during registration. Go to your Sporcle Settings to finish the process.

Report this User

Report this user for behavior that violates our Community Guidelines.

Details: